| 000 | 01290nam a2200325Ia 4500 | ||
|---|---|---|---|
| 001 | ebr10267480 | ||
| 003 | CaPaEBR | ||
| 006 | m u | ||
| 007 | cr cn||||||||| | ||
| 008 | 090311s2008 ne a sb 000 0 eng d | ||
| 020 | _z9781586038175 | ||
| 040 |
_aCaPaEBR _cCaPaEBR |
||
| 035 | _a(OCoLC)567931427 | ||
| 050 | 1 | 4 |
_aHT167 _b.U73 2008eb |
| 245 | 0 | 0 |
_aUrbanism on track _h[electronic resource] : _bapplication of tracking technologies in urbanism / _cedited by J. Van Schaick, S. C. Van der Spek. |
| 260 |
_aAmsterdam : _bIOS Press, _c2008. |
||
| 300 |
_a196 p. : _bill. |
||
| 490 | 1 |
_aResearch in urbanism series ; _vv. 1 |
|
| 504 | _aIncludes bibliographical references. | ||
| 533 |
_aElectronic reproduction. _bPalo Alto, Calif. : _cebrary, _d2011. _nAvailable via World Wide Web. _nAccess may be limited to ebrary affiliated libraries. |
||
| 650 | 0 | _aCity planning. | |
| 650 | 0 |
_aLand use _xPlanning. |
|
| 650 | 0 | _aGeographic information systems. | |
| 655 | 7 |
_aElectronic books. _2local |
|
| 700 | 1 | _aVan Schaick, J. | |
| 700 | 1 | _aVan der Spek, S. C. | |
| 710 | 2 | _aebrary, Inc. | |
| 830 | 0 |
_aResearch in urbanism series ; _vv. 1. |
|
| 856 | 4 | 0 |
_uhttp://site.ebrary.com/lib/rucke/Doc?id=10267480 _zAn electronic book accessible through the World Wide Web; click to view |
| 999 |
_c24337 _d24337 |
||